Warzywo, które znajdziemy w wiosennej sałatce. - Statystyki

Ogólne statystyki
  • Ten quiz został rozwiązany 10 razy
  • Średni wynik to 6 z 9
Statystyki odpowiedzi
Hint Odpowiedź % Poprawnych
3. Ogórek
100%
1. Sałata
100%
4. Pomidor
90%
2. Rzodkiew
80%
5. Szczypiorek
60%
6. Groszek
40%
7. Marchew
40%
8. Pietruszka
30%
9. Ziemniaki
30%
Nie znaleziono quizów pasujących do podanych kryteriów
Rozkład punktacji
Procent ludzi z każdym wynikiem
Percentyl według liczby udzielonych odpowiedzi
Twoja historia wyników
Nie rozwiązałeś tego quizu